000 00323nam a2200133Ia 4500
008 220204s9999 xx 000 0 und d
082 _a630
_bGRE
100 _aDENEKE, Frederick J
245 0 _aUrban forestry
260 _aNew York
_bJohn Wiley
_c1978
650 _aUrban forestry
700 _aGREY, Gene W
942 _cBK
999 _c29751
_d29751